[Event "Europa ch Femenino 2013"]
[Site "Belgrado SER"]
[Date "2013.08.03"]
[Round "11.36"]
[White "Mammadova, Gulnar"]
[Black "Vega Gutierrez, Belinda"]
[Result "1-0"]
[WhiteElo "2322"]
[BlackElo "2148"]
[PlyCount "95"]
[EventDate "2013.07.23"]
[EventType "swiss"]
[EventRounds "11"]
[EventCountry "SER"]
[Source "lmi"]
[SourceDate "2013.07.22"]

1. e4 e5 2. Nf3 Nc6 3. d4 exd4 4. Nxd4 Bc5 5. Be3 Qf6 6. c3 Nge7 7. Bc4 b6 8.
O-O Bb7 9. Nb3 Ne5 10. Nxc5 bxc5 11. Be2 Bxe4 12. Bxc5 d6 13. Bd4 O-O 14. Nd2
Bb7 15. f3 Nf5 16. Ne4 Qh6 17. Qc1 Rfe8 18. Qxh6 Nxh6 19. Ng3 f5 20. f4 Neg4
21. Bc4+ d5 22. Bb5 c6 23. Bd3 Bc8 24. h3 Nf6 25. Bxf6 gxf6 26. Rfe1 Bd7 27. c4
Rab8 28. b3 Kf7 29. Kf2 a5 30. Rxe8 Kxe8 31. Re1+ Kf7 32. cxd5 cxd5 33. Rc1 Rc8
34. Rxc8 Bxc8 35. Ke3 Ke7 36. Kd4 Kd6 37. a3 Bd7 38. Nh5 Ng8 39. b4 axb4 40.
axb4 Kc6 41. b5+ Kd6 42. b6 h6 43. b7 Kc7 44. Kxd5 Ne7+ 45. Kc5 Bc6 46. b8=Q+
Kxb8 47. Kd6 Nd5 48. Kxc6 1-0

[Event "Europa ch Femenino 2013"]
[Site "Belgrado SER"]
[Date "2013.08.03"]
[Round "11.37"]
[White "Zarkovic, Mila"]
[Black "Sedina, Elena"]
[Result "0-1"]
[WhiteElo "2070"]
[BlackElo "2313"]
[PlyCount "64"]
[EventDate "2013.07.23"]
[EventType "swiss"]
[EventRounds "11"]
[EventCountry "SER"]
[Source "lmi"]
[SourceDate "2013.07.22"]

1. e4 e6 2. d4 d5 3. exd5 exd5 4. c4 Nf6 5. Nf3 Bd6 6. Nc3 dxc4 7. Bxc4 O-O 8.
O-O Nc6 9. Re1 Bg4 10. Be3 a6 11. h3 Bh5 12. g4 Bg6 13. Nh4 Nd5 14. Bxd5 Qxh4
15. Qf3 h5 16. a3 Rae8 17. Ne4 hxg4 18. hxg4 Qh2+ 19. Kf1 Ne7 20. Bxb7 c6 21.
Bxa6 Nd5 22. Nxd6 Qxd6 23. Bg5 Nc7 24. Bd3 Ne6 25. Bh4 Nxd4 26. Qh3 Bxd3+ 27.
Qxd3 Qh2 28. Qg3 Qh1+ 29. Qg1 Qxh4 30. Qg2 Qf6 31. Red1 Nc2 32. g5 Qf5 0-1

[Event "Europa ch Femenino 2013"]
[Site "Belgrado SER"]
[Date "2013.08.03"]
[Round "11.38"]
[White "Abdulla, Khayala"]
[Black "Bulmaga, Irina"]
[Result "1-0"]
[WhiteElo "2241"]
[BlackElo "2403"]
[PlyCount "121"]
[EventDate "2013.07.23"]
[EventType "swiss"]
[EventRounds "11"]
[EventCountry "SER"]
[Source "lmi"]
[SourceDate "2013.07.22"]

1. e4 e5 2. Nf3 Nc6 3. Bb5 a6 4. Ba4 Nf6 5. d3 b5 6. Bb3 Be7 7. O-O O-O 8. c3
d6 9. Re1 h6 10. Nbd2 Bb7 11. Nf1 Re8 12. Ng3 Bf8 13. d4 Na5 14. Bc2 c5 15. d5
Nc4 16. h3 g6 17. Nh2 h5 18. b3 Nb6 19. Bg5 Nbd7 20. Qd2 Bg7 21. Bd1 Qe7 22.
Bh6 Qf8 23. Bxg7 Qxg7 24. Nf3 Qh8 25. Nh4 Qg7 26. Nf3 Reb8 27. Nh4 Nh7 28. Re3
Qf6 29. Nf3 Ndf8 30. Ne1 h4 31. Nf1 Bc8 32. Nh2 Ng5 33. Bg4 Bxg4 34. Nxg4 Qe7
35. Nf3 Kg7 36. Rae1 Nxf3+ 37. Rxf3 Nh7 38. Qh6+ Kg8 39. g3 hxg3 40. fxg3 Qf8
41. Qh4 Ra7 42. Ref1 Rbb7 43. Rf6 Qb8 44. Nh6+ Kg7 45. Rxf7+ Rxf7 46. Nxf7 Rxf7
47. Rxf7+ Kxf7 48. Qxh7+ Kf6 49. h4 Qc8 50. Qh6 a5 51. Kg2 a4 52. Kf3 axb3 53.
axb3 b4 54. c4 Qa8 55. g4 Qg8 56. h5 Qg7 57. g5+ Kf7 58. Qxg7+ Kxg7 59. hxg6
Kxg6 60. Kg4 Kg7 61. Kf5 1-0

[Event "Europa ch Femenino 2013"]
[Site "Belgrado SER"]
[Date "2013.08.03"]
[Round "11.39"]
[White "Kaps, Darja"]
[Black "Foisor, Cristina-Adela"]
[Result "1/2-1/2"]
[WhiteElo "2235"]
[BlackElo "2387"]
[PlyCount "157"]
[EventDate "2013.07.23"]
[EventType "swiss"]
[EventRounds "11"]
[EventCountry "SER"]
[Source "lmi"]
[SourceDate "2013.07.22"]

1. f4 d5 2. Nf3 c5 3. g3 g6 4. Bg2 Bg7 5. O-O Nh6 6. d3 d4 7. a4 O-O 8. Na3 Nc6
9. Bd2 Rb8 10. Nc4 Be6 11. Ng5 Bd5 12. Bxd5 Qxd5 13. Nf3 f5 14. Qe1 Nf7 15. b4
cxb4 16. Bxb4 Rfe8 17. Ba3 e5 18. Rb1 exf4 19. gxf4 Re6 20. Rb5 Qd7 21. Rf2 b6
22. Qb1 Rbe8 23. Kf1 Bh6 24. a5 Bxf4 25. axb6 a6 26. Rc5 Bb8 27. Qb3 h6 28. c3
Ng5 29. Ncd2 Nxf3 30. Nxf3 Qb7 31. Rg2 Kh7 32. cxd4 Nd8 33. Qd5 Rxb6 34. Qxb7+
Rxb7 35. Rc8 Bf4 36. Ne5 Be3 37. Rxg6 Rb1+ 38. Kg2 Rg1+ 39. Kf3 Rxg6 40. Kxe3
h5 41. Kf3 Rgg8 42. Nd7 Kg6 43. d5 f4 44. Bc5 Kf5 45. Ra8 Nf7 46. Rxa6 Ng5+ 47.
Kf2 Rg6 48. Rxg6 Kxg6 49. Nb6 Kf5 50. d6 Nf7 51. Nc4 Ke6 52. Kf3 Kd7 53. d4 Kc6
54. h4 Re6 55. Kxf4 Rxe2 56. Kf5 Rg2 57. Kf6 Nd8 58. Ke7 Nb7 59. Ne5+ Kd5 60.
d7 Rg8 61. Nf7 Rg4 62. Nd6 Rg7+ 63. Ke8 Rg8+ 64. Kf7 Rd8 65. Nxb7 Rxd7+ 66. Kg6
Rxb7 67. Kxh5 Rh7+ 68. Kg5 Ke6 69. h5 Rg7+ 70. Kh6 Rg2 71. Bf8 Kf7 72. Bd6 Rg1
73. Be5 Ke6 74. Kh7 Rg5 75. h6 Kf7 76. Bg7 Rd5 77. Be5 Rd8 78. Bg7 Rd7 79. Be5
1/2-1/2

[Event "Europa ch Femenino 2013"]
[Site "Belgrado SER"]
[Date "2013.08.03"]
[Round "11.40"]
[White "Vojinovic, Jovana"]
[Black "Makropoulou, Marina"]
[Result "0-1"]
[WhiteElo "2376"]
[BlackElo "2220"]
[PlyCount "218"]
[EventDate "2013.07.23"]
[EventType "swiss"]
[EventRounds "11"]
[EventCountry "SER"]
[Source "lmi"]
[SourceDate "2013.07.22"]

1. Nf3 g6 2. d4 Bg7 3. c4 d6 4. Nc3 Nd7 5. e4 e5 6. Be2 Ngf6 7. Be3 O-O 8. d5
a5 9. a3 Re8 10. Nd2 Nc5 11. b4 axb4 12. axb4 Rxa1 13. Qxa1 Na6 14. Qa3 Ng4 15.
Bxg4 Bxg4 16. c5 dxc5 17. bxc5 Bf8 18. O-O Bc8 19. Qa5 f5 20. f3 Nxc5 21. Bxc5
b6 22. Bxb6 cxb6 23. Qa2 Bd7 24. Kh1 Qa8 25. Qxa8 Rxa8 26. Nc4 Bc5 27. Nxe5 Be8
28. Rd1 Bb4 29. Nb1 fxe4 30. fxe4 Ba4 31. Rc1 Bb5 32. Nc6 Bc5 33. Nc3 Bc4 34.
Ne5 Bb3 35. Ng4 h5 36. Nf6+ Kg7 37. Nd7 Be3 38. Rf1 Bc4 39. Rd1 Bb3 40. Rf1 Bc4
41. Rd1 Ra3 42. Nb1 Ra1 43. d6 Bb3 44. Rf1 Bc4 45. Rd1 Be2 46. Re1 Bd3 47. Ne5
Bxe4 48. h4 Bf2 49. Rxe4 Rxb1+ 50. Kh2 Rd1 51. d7 Bd4 52. Nc6 Bg1+ 53. Kg3 Rxd7
54. Kf4 Bc5 55. g4 hxg4 56. Kxg4 Rd1 57. Ne5 b5 58. Kf3 b4 59. Rg4 b3 60. Rxg6+
Kh7 61. Rg2 Bd4 62. Nc4 Rc1 63. Nb2 Bg7 64. Nd3 Rh1 65. Kg4 Ra1 66. Kf3 Ra4 67.
Ke3 Rxh4 68. Nb2 Rh3+ 69. Ke4 Kg8 70. Kd5 Rc3 71. Ke4 Kf8 72. Nd3 Rc4+ 73. Ke3
Bh6+ 74. Ke2 Rc2+ 75. Kf1 Bd2 76. Rf2+ Ke8 77. Ke2 Bh6+ 78. Kd1 Rc3 79. Nb2
Rc1+ 80. Ke2 Bg7 81. Nd3 b2 82. Nxb2 Bxb2 83. Kd3 Bg7 84. Rg2 Kf7 85. Ke4 Bf6
86. Kd5 Rd1+ 87. Kc5 Ke6 88. Rg6 Rc1+ 89. Kb4 Ke5 90. Kb5 Kf5 91. Rg8 Ke4 92.
Rf8 Bd4 93. Re8+ Kd3 94. Rd8 Rc5+ 95. Kb4 Rc6 96. Rb8 Rc1 97. Rg8 Rb1+ 98. Ka3
Kc4 99. Rc8+ Bc5+ 100. Ka2 Rb5 101. Rg8 Rb7 102. Rf8 Rg7 103. Kb2 Rg2+ 104. Kc1
Kd4 105. Kd1 Kd3 106. Kc1 Bd4 107. Kb1 Rb2+ 108. Kc1 Ra2 109. Rb8 Rg2 0-1

[Event "Europa ch Femenino 2013"]
[Site "Belgrado SER"]
[Date "2013.08.03"]
[Round "11.41"]
[White "Rogule, Laura"]
[Black "Nikoladze, Sopio"]
[Result "0-1"]
[WhiteElo "2329"]
[BlackElo "2163"]
[PlyCount "70"]
[EventDate "2013.07.23"]
[EventType "swiss"]
[EventRounds "11"]
[EventCountry "SER"]
[Source "lmi"]
[SourceDate "2013.07.22"]

1. c4 d6 2. g3 g6 3. Bg2 Bg7 4. Nc3 e5 5. e3 Ne7 6. Nge2 O-O 7. d4 c6 8. O-O
Nd7 9. b3 Qa5 10. Qd2 f5 11. dxe5 dxe5 12. Qd6 Rf7 13. b4 Qd8 14. Rd1 Qe8 15.
e4 Nf8 16. Bb2 Be6 17. Qd3 f4 18. a4 g5 19. a5 Neg6 20. Na4 Nd7 21. f3 g4 22.
Rf1 h5 23. Rad1 h4 24. gxf4 exf4 25. Bxg7 Rxg7 26. fxg4 Nge5 27. Qc3 f3 28.
Bxf3 Nxf3+ 29. Rxf3 Bxg4 30. Kf2 Bxf3 31. Qxf3 Ne5 32. Qh3 Qf8+ 33. Ke3 Ng4+
34. Kd2 Rd8+ 35. Kc2 Rxd1 0-1

[Event "Europa ch Femenino 2013"]
[Site "Belgrado SER"]
[Date "2013.08.03"]
[Round "11.42"]
[White "Stetsko, Lanita"]
[Black "Mikadze, Miranda"]
[Result "0-1"]
[WhiteElo "2209"]
[BlackElo "2314"]
[PlyCount "76"]
[EventDate "2013.07.23"]
[EventType "swiss"]
[EventRounds "11"]
[EventCountry "SER"]
[Source "lmi"]
[SourceDate "2013.07.22"]

1. e4 d5 2. exd5 Qxd5 3. Nc3 Qd6 4. d4 Nf6 5. Nf3 c6 6. Ne5 Nbd7 7. Nc4 Qc7 8.
Qf3 Nb6 9. Bf4 Qd8 10. Be5 Bg4 11. Qg3 h5 12. h3 h4 13. Qf4 Be6 14. Ne3 Nbd5
15. Ncxd5 Nxd5 16. Nxd5 Qxd5 17. Qe3 f6 18. Bh2 Bf5 19. Bd3 Bxd3 20. Qxd3 O-O-O
21. O-O Qxd4 22. Qb3 e5 23. c3 Qd5 24. Qa4 Bc5 25. Qg4+ Qd7 26. Qc4 Bb6 27. a4
a6 28. b4 Kb8 29. Kh1 g5 30. b5 cxb5 31. axb5 Qxb5 32. Qg4 Rd2 33. Qf5 Rf8 34.
Rab1 Qc5 35. f3 Rd6 36. c4 Rc8 37. Bg1 Qxc4 38. Bxb6 Rxb6 0-1

[Event "Europa ch Femenino 2013"]
[Site "Belgrado SER"]
[Date "2013.08.03"]
[Round "11.43"]
[White "Videnova, Iva"]
[Black "Hairapetian, Anna"]
[Result "0-1"]
[WhiteElo "2301"]
[BlackElo "2214"]
[PlyCount "64"]
[EventDate "2013.07.23"]
[EventType "swiss"]
[EventRounds "11"]
[EventCountry "SER"]
[Source "lmi"]
[SourceDate "2013.07.22"]

1. e4 c5 2. Nf3 d6 3. d4 cxd4 4. Nxd4 Nf6 5. Nc3 g6 6. Be3 Bg7 7. f3 Nc6 8. Qd2
O-O 9. Bc4 Bd7 10. Bb3 Rc8 11. h4 h5 12. O-O-O Ne5 13. Kb1 Re8 14. g4 hxg4 15.
h5 Nxh5 16. Rdg1 Qa5 17. Bh6 Bf6 18. fxg4 Nxg4 19. Qd1 Rxc3 20. Bd2 Bxd4 21.
Bxc3 Bxc3 22. Rxg4 Bxg4 23. Qxg4 e6 24. bxc3 Qe5 25. Qf3 Rc8 26. c4 Kg7 27. Rf1
Nf6 28. Rf2 Rh8 29. Re2 Rh4 30. c3 Rxe4 31. Rd2 Re1+ 32. Kb2 Re3 0-1

[Event "Europa ch Femenino 2013"]
[Site "Belgrado SER"]
[Date "2013.08.03"]
[Round "11.44"]
[White "Pavlidou, Ekaterini"]
[Black "Franciskovic, Borka"]
[Result "0-1"]
[WhiteElo "2210"]
[BlackElo "2277"]
[PlyCount "84"]
[EventDate "2013.07.23"]
[EventType "swiss"]
[EventRounds "11"]
[EventCountry "SER"]
[Source "lmi"]
[SourceDate "2013.07.22"]

1. d4 Nf6 2. c4 e6 3. Nc3 Bb4 4. Nf3 c5 5. g3 Ne4 6. Qc2 Qa5 7. Bg2 cxd4 8.
Nxd4 Nxc3 9. O-O O-O 10. a3 Be7 11. Bd2 Nxe2+ 12. Nxe2 Qc7 13. Rac1 d6 14. Rfd1
Nd7 15. Be3 Nf6 16. Nd4 a6 17. h3 Bd7 18. b4 Rac8 19. Qb1 Qb8 20. Re1 g6 21.
Bg5 Kg7 22. Qb2 h6 23. Be3 e5 24. Nf3 b6 25. b5 a5 26. Qd2 Rh8 27. Nh2 Be6 28.
Bc6 Bxh3 29. f4 Be6 30. Qg2 Bd7 31. fxe5 dxe5 32. Nf3 Bxc6 33. bxc6 Bxa3 34.
Rb1 Bb4 35. Nxe5 Bxe1 36. Rxe1 Qd6 37. Qf2 Rce8 38. Bd4 Re6 39. Kh2 Rxe5 40.
Rxe5 Ng4+ 41. Kg2 Nxe5 42. Qb2 f6 0-1

[Event "Europa ch Femenino 2013"]
[Site "Belgrado SER"]
[Date "2013.08.03"]
[Round "11.45"]
[White "Baraeva, Marina"]
[Black "Papp, Petra"]
[Result "1/2-1/2"]
[WhiteElo "2185"]
[BlackElo "2276"]
[PlyCount "80"]
[EventDate "2013.07.23"]
[EventType "swiss"]
[EventRounds "11"]
[EventCountry "SER"]
[Source "lmi"]
[SourceDate "2013.07.22"]

1. d4 Nf6 2. c4 g6 3. Nc3 d5 4. cxd5 Nxd5 5. e4 Nxc3 6. bxc3 Bg7 7. Bc4 c5 8.
Ne2 Nc6 9. Be3 O-O 10. O-O Qc7 11. Rc1 b6 12. Bf4 e5 13. Bg3 Bb7 14. d5 Rad8
15. Bd3 Ne7 16. c4 f5 17. f3 Nc8 18. Nc3 Nd6 19. Rc2 Ba6 20. Qe2 Rde8 21. a4 f4
22. Be1 g5 23. Nd1 Bc8 24. Nf2 h5 25. h3 Bf6 26. Qd1 Rf7 27. Ra2 Bd7 28. Bc3
Rg7 29. Be2 Qc8 30. Qd3 Qd8 31. Qb1 Qe7 32. a5 Rb8 33. axb6 axb6 34. Ra7 Qe8
35. Qa1 Bc8 36. Rb1 Rxa7 37. Qxa7 Rb7 38. Qa8 Qe7 39. Ra1 Kh7 40. Qa4 Bd7
1/2-1/2

[Event "Europa ch Femenino 2013"]
[Site "Belgrado SER"]
[Date "2013.08.03"]
[Round "11.46"]
[White "Mamedjarova, Zeinab"]
[Black "Martynkova, Olena"]
[Result "1/2-1/2"]
[WhiteElo "2256"]
[BlackElo "1851"]
[PlyCount "117"]
[EventDate "2013.07.23"]
[EventType "swiss"]
[EventRounds "11"]
[EventCountry "SER"]
[Source "lmi"]
[SourceDate "2013.07.22"]

1. d4 Nf6 2. Nf3 g6 3. g3 Bg7 4. Bg2 O-O 5. O-O d6 6. c4 Nbd7 7. Nc3 e5 8. e4
exd4 9. Nxd4 Re8 10. Re1 Nc5 11. h3 Bd7 12. Kh2 a5 13. f3 h5 14. h4 Nh7 15. Nd5
Ne6 16. Be3 Be5 17. f4 Bg7 18. Bf3 Nf6 19. Kg2 Nc5 20. Nxf6+ Qxf6 21. Bf2 c6
22. Qd2 Bg4 23. Re2 Ne6 24. Rd1 Nxd4 25. Bxd4 Bxf3+ 26. Kxf3 Qe6 27. Bxg7 Kxg7
28. b3 Qg4+ 29. Kf2 Re6 30. c5 dxc5 31. Qc3+ Kg8 32. e5 Rae8 33. Qxc5 f6 34.
Rde1 fxe5 35. Rxe5 Rxe5 36. Rxe5 Rxe5 37. Qxe5 Qd7 38. Qxa5 Qd4+ 39. Ke2 Qe4+
40. Kd1 Qf3+ 41. Kc2 b5 42. Qc3 Qf2+ 43. Kb1 Qg1+ 44. Qc1 Qxg3 45. Qxc6 Qxh4
46. Qxg6+ Kf8 47. Qf5+ Kg7 48. Qxb5 Qe1+ 49. Kb2 Qd2+ 50. Ka3 Qc1+ 51. Ka4
Qxf4+ 52. b4 h4 53. Qd7+ Kg6 54. Qe6+ Kg5 55. Qg8+ Kh5 56. Qe8+ Kg4 57. Qg6+
Kf3 58. Qc6+ Kg3 59. Qc3+ 1/2-1/2

[Event "Europa ch Femenino 2013"]
[Site "Belgrado SER"]
[Date "2013.08.03"]
[Round "11.47"]
[White "Olsarova, Karolina"]
[Black "Berke, Ana"]
[Result "0-1"]
[WhiteElo "2246"]
[BlackElo "2145"]
[PlyCount "78"]
[EventDate "2013.07.23"]
[EventType "swiss"]
[EventRounds "11"]
[EventCountry "SER"]
[Source "lmi"]
[SourceDate "2013.07.22"]

1. e4 c5 2. Nf3 d6 3. d4 cxd4 4. Nxd4 Nf6 5. Nc3 Nc6 6. Bg5 Bd7 7. Nb3 Rc8 8.
Bxf6 gxf6 9. Qh5 a5 10. Bd3 Ne5 11. O-O a4 12. Nd4 a3 13. Nd5 axb2 14. Rab1 e6
15. Nf4 Ng6 16. Nfe2 Rc5 17. Qh3 Qb6 18. Kh1 Ra5 19. Bc4 Nf4 20. Qh4 Nxe2 21.
Nxe2 Be7 22. Qh6 Rg5 23. f4 Rg6 24. Qh3 Rhg8 25. Ng3 Qd4 26. Bb3 Rg4 27. Qh5
Qc5 28. f5 R4g5 29. Qf3 Qe5 30. Rfe1 Bc6 31. Qf2 h5 32. Re3 h4 33. fxe6 fxe6
34. Ne2 Bxe4 35. Nf4 d5 36. Qxh4 Qd4 37. Rg3 Qd2 38. Ba4+ Kf7 39. Bd7 Qc1+ 0-1

[Event "Europa ch Femenino 2013"]
[Site "Belgrado SER"]
[Date "2013.08.03"]
[Round "11.48"]
[White "Dolzhikova, Olga"]
[Black "Korchagina, Viktoria"]
[Result "1-0"]
[WhiteElo "2244"]
[BlackElo "2068"]
[PlyCount "97"]
[EventDate "2013.07.23"]
[EventType "swiss"]
[EventRounds "11"]
[EventCountry "SER"]
[Source "lmi"]
[SourceDate "2013.07.22"]

1. e4 c5 2. c3 Nf6 3. e5 Nd5 4. d4 cxd4 5. Qxd4 e6 6. Nf3 Nc6 7. Qe4 f5 8. Qe2
Qc7 9. g3 d6 10. exd6 Bxd6 11. Bg2 O-O 12. O-O Nf6 13. c4 e5 14. c5 Be7 15.
Qc4+ Kh8 16. Nc3 a6 17. b4 e4 18. Bf4 Qd8 19. Rad1 Qe8 20. Nd4 Nxd4 21. Rxd4
Qf7 22. Qxf7 Rxf7 23. f3 a5 24. a3 axb4 25. axb4 Ra3 26. Nb5 Rb3 27. Bd6 Bd7
28. Nc7 e3 29. f4 Bxd6 30. cxd6 b5 31. Nd5 h6 32. Rc1 Rf8 33. Nb6 Rb2 34. Nxd7
Nxd7 35. Re1 e2 36. Bc6 Rd8 37. Bxb5 Nf6 38. Rxe2 Rxe2 39. Bxe2 Ne4 40. d7 Kg8
41. Bd3 Nc3 42. Kg2 g6 43. Ba6 Kf8 44. Bc8 Ke7 45. Rc4 Nd5 46. Kf3 Kd6 47. Rd4
Kc6 48. Bb7+ Kxb7 49. Rxd5 1-0

[Event "Europa ch Femenino 2013"]
[Site "Belgrado SER"]
[Date "2013.08.03"]
[Round "11.49"]
[White "Olsarova, Tereza"]
[Black "Stjazhkina, Olga"]
[Result "1-0"]
[WhiteElo "2203"]
[BlackElo "2243"]
[PlyCount "93"]
[EventDate "2013.07.23"]
[EventType "swiss"]
[EventRounds "11"]
[EventCountry "SER"]
[Source "lmi"]
[SourceDate "2013.07.22"]

1. e4 e5 2. Nf3 Nc6 3. Bb5 f5 4. d3 fxe4 5. dxe4 Nf6 6. O-O Bc5 7. Qd3 d6 8.
Qc4 Qe7 9. Nc3 Bd7 10. Nd5 Nxd5 11. exd5 Nd4 12. Bxd7+ Qxd7 13. Nxd4 Bxd4 14.
a4 a6 15. Be3 Bxe3 16. fxe3 Rf8 17. Qh4 g6 18. b3 Rd8 19. e4 c6 20. c4 Rc8 21.
Rad1 c5 22. a5 Rc7 23. h3 Qe7 24. Rxf8+ Kxf8 25. Rf1+ Kg7 26. Qxe7+ Rxe7 27. b4
cxb4 28. Rb1 b6 29. Rxb4 bxa5 30. Rb6 Ra7 31. Kf2 a4 32. Rb4 a3 33. Ke3 Kf6 34.
Ra4 a5 35. Kd3 Kg5 36. c5 dxc5 37. Kc4 Rb7 38. Kxc5 Rb4 39. Rxa3 Rxe4 40. Rd3
Rb4 41. d6 Rb8 42. Kd5 a4 43. Kxe5 Re8+ 44. Kd5 Ra8 45. d7 Kf5 46. Rf3+ Kg5 47.
Kc6 1-0

[Event "Europa ch Femenino 2013"]
[Site "Belgrado SER"]
[Date "2013.08.03"]
[Round "11.50"]
[White "Makka, Ioulia"]
[Black "Manakova, Maria"]
[Result "0-1"]
[WhiteElo "2171"]
[BlackElo "2351"]
[PlyCount "74"]
[EventDate "2013.07.23"]
[EventType "swiss"]
[EventRounds "11"]
[EventCountry "SER"]
[Source "lmi"]
[SourceDate "2013.07.22"]

1. e4 c5 2. Nf3 Nc6 3. d4 cxd4 4. Nxd4 Nf6 5. Nc3 d6 6. g3 e5 7. Nde2 Be7 8.
Bg2 O-O 9. O-O Be6 10. h3 Nb8 11. a4 Nbd7 12. Be3 a5 13. b3 Rc8 14. f4 exf4 15.
gxf4 Nc5 16. Bd4 Bd7 17. Qe1 Nh5 18. Nd5 Bh4 19. Qd2 Re8 20. Nec3 Ng3 21. Rfe1
f5 22. exf5 Bxf5 23. Rxe8+ Qxe8 24. Ne3 Ne6 25. Nxf5 Nxf5 26. Bb6 Bf6 27. Bxa5
Bd4+ 28. Kh1 Qh5 29. Bb4 Ne3 30. Re1 Nxg2 31. Kxg2 Bxc3 32. Bxc3 Nxf4+ 33. Qxf4
Rxc3 34. Re3 Rxc2+ 35. Kg3 h6 36. h4 Qg6+ 37. Qg4 Rg2+ 0-1

[Event "Europa ch Femenino 2013"]
[Site "Belgrado SER"]
[Date "2013.08.03"]
[Round "11.51"]
[White "Tarasova, Viktoriya"]
[Black "Baraeva, Irina"]
[Result "1-0"]
[WhiteElo "2300"]
[BlackElo "2171"]
[PlyCount "57"]
[EventDate "2013.07.23"]
[EventType "swiss"]
[EventRounds "11"]
[EventCountry "SER"]
[Source "lmi"]
[SourceDate "2013.07.22"]

1. d4 d5 2. c4 c6 3. Nf3 Nf6 4. Nc3 dxc4 5. a4 Bf5 6. Ne5 Nbd7 7. Nxc4 Qc7 8.
g3 e5 9. dxe5 Nxe5 10. Bf4 Nfd7 11. Bg2 f6 12. O-O Nc5 13. Ne3 Bg6 14. b4 Ne6
15. b5 Rd8 16. Qb3 Nd4 17. Qb2 Qa5 18. Ncd5 Nxe2+ 19. Qxe2 cxd5 20. Nxd5 Bd3
21. Qe3 Bd6 22. Bxe5 Bxe5 23. Qxd3 Bxa1 24. Rxa1 O-O 25. Be4 h6 26. Qc4 Kh8 27.
Ne7 Rfe8 28. Ng6+ Kh7 29. Ne5+ 1-0

[Event "Europa ch Femenino 2013"]
[Site "Belgrado SER"]
[Date "2013.08.03"]
[Round "11.52"]
[White "Mamedjarova, Turkan"]
[Black "Cherednichenko, Elena"]
[Result "0-1"]
[WhiteElo "2267"]
[BlackElo "2167"]
[PlyCount "72"]
[EventDate "2013.07.23"]
[EventType "swiss"]
[EventRounds "11"]
[EventCountry "SER"]
[Source "lmi"]
[SourceDate "2013.07.22"]

1. e4 e5 2. Nf3 Nc6 3. Bc4 Bc5 4. c3 Nf6 5. d4 exd4 6. cxd4 Bb4+ 7. Bd2 Nxe4 8.
Bxb4 Nxb4 9. Bxf7+ Kxf7 10. Qb3+ d5 11. Ne5+ Ke6 12. Qxb4 Qf8 13. Qxf8 Rxf8 14.
f3 Nd6 15. Nc3 c6 16. O-O-O Nf5 17. g4 Nh4 18. Rhf1 Ng2 19. Rf2 Nf4 20. b4 Kd6
21. h4 b6 22. Ne2 Nxe2+ 23. Rxe2 Ba6 24. Rc2 Bb5 25. Rc3 a5 26. bxa5 Rxa5 27.
Kb2 c5 28. Re3 Rf4 29. dxc5+ bxc5 30. g5 d4 31. h5 Rf5 32. f4 Rxf4 33. g6 hxg6
34. hxg6 Rf2+ 35. Kb1 Kc7 36. Rb3 Ba4 0-1

[Event "Europa ch Femenino 2013"]
[Site "Belgrado SER"]
[Date "2013.08.03"]
[Round "11.53"]
[White "Golubeva, Oksana"]
[Black "Bronnikova, Elizaveta"]
[Result "0-1"]
[WhiteElo "2149"]
[BlackElo "2245"]
[PlyCount "100"]
[EventDate "2013.07.23"]
[EventType "swiss"]
[EventRounds "11"]
[EventCountry "SER"]
[Source "lmi"]
[SourceDate "2013.07.22"]

1. c4 e5 2. Nc3 Nc6 3. g3 g6 4. Bg2 Bg7 5. d3 d6 6. e4 Nge7 7. Nge2 O-O 8. O-O
Bg4 9. h3 Be6 10. Rb1 Qd7 11. Kh2 f5 12. b4 f4 13. b5 Nd8 14. Ng1 Nf7 15. Nf3
g5 16. Nd5 Ng6 17. g4 c6 18. bxc6 bxc6 19. Nc3 Bf6 20. Ba3 Kg7 21. Qe2 h5 22.
gxh5 Rh8 23. Rh1 Rxh5 24. Kg1 Rah8 25. Kf1 g4 26. Ke1 gxf3 27. Bxf3 Rxh3 28.
Rg1 Ng5 29. Bg4 f3 30. Bxe6 Nxe6 31. Qe3 Rh1 32. Kd2 Rxg1 33. Rxg1 Nd4 34. Qe1
Rh2 35. Nd1 Qd8 36. Bb4 Bg5+ 37. Ne3 c5 38. Bc3 Ne2 39. Rg4 Rg2 40. Rxg2 Bxe3+
41. fxe3 Nxc3 42. Rh2 Qa5 43. Qa1 Nd5+ 44. Kc1 Qe1+ 45. Kb2 f2 46. Rxf2 Qxf2+
47. Kb3 Nb4 48. Qb1 Qxe3 49. Qh1 Qxd3+ 50. Ka4 Qxc4 0-1

[Event "Europa ch Femenino 2013"]
[Site "Belgrado SER"]
[Date "2013.08.03"]
[Round "11.54"]
[White "Benderac, Ana"]
[Black "Todorovic, Violeta"]
[Result "1-0"]
[WhiteElo "2225"]
[BlackElo "2117"]
[PlyCount "57"]
[EventDate "2013.07.23"]
[EventType "swiss"]
[EventRounds "11"]
[EventCountry "SER"]
[Source "lmi"]
[SourceDate "2013.07.22"]

1. d4 Nf6 2. Nf3 g6 3. c4 c5 4. d5 d6 5. Nc3 Bg7 6. e4 O-O 7. Bd3 e6 8. h3 exd5
9. cxd5 b5 10. Nxb5 Nxe4 11. O-O a6 12. Na3 Nf6 13. Nc4 Bb7 14. Bf4 Nxd5 15.
Bxd6 Re8 16. Bxc5 Qc7 17. Bd6 Qd7 18. Bg3 Nb4 19. Nd6 Re7 20. Bc4 N4c6 21. Re1
Nd8 22. Nxb7 Nxb7 23. Rxe7 Qxe7 24. Qd5 Qd7 25. Ng5 h6 26. Nxf7 Kh7 27. Rd1 Qe7
28. Ne5 Nc6 29. Qxc6 1-0

[Event "Europa ch Femenino 2013"]
[Site "Belgrado SER"]
[Date "2013.08.03"]
[Round "11.55"]
[White "Eric, Jovana"]
[Black "Bokuchava, Madona"]
[Result "1-0"]
[WhiteElo "2223"]
[BlackElo "2109"]
[PlyCount "129"]
[EventDate "2013.07.23"]
[EventType "swiss"]
[EventRounds "11"]
[EventCountry "SER"]
[Source "lmi"]
[SourceDate "2013.07.22"]

1. e4 c5 2. Nf3 Nc6 3. Nc3 g6 4. d4 cxd4 5. Nxd4 Bg7 6. Nb3 Nf6 7. Be2 O-O 8.
O-O d6 9. Bg5 Be6 10. Kh1 Rc8 11. f4 a6 12. Bf3 b5 13. Nd5 Nd7 14. c3 Nb6 15.
Qe2 Re8 16. Rad1 Bd7 17. e5 Nxd5 18. Bxd5 Qc7 19. e6 fxe6 20. Bxe6+ Bxe6 21.
Qxe6+ Kh8 22. Rf3 Nd8 23. Qg4 Nf7 24. Rh3 Kg8 25. Nd2 Qc5 26. Ne4 Qf5 27. Qe2
e5 28. g4 Qe6 29. f5 Qc4 30. Qf3 Qc6 31. Bh4 d5 32. Rxd5 Qxd5 33. Nf6+ Bxf6 34.
Qxd5 g5 35. Bf2 Rcd8 36. Qc6 Kg7 37. Bb6 Rd1+ 38. Kg2 Rd2+ 39. Kf1 Re7 40. Be3
Rd6 41. Qe4 Red7 42. Ke2 h6 43. Rg3 Rc7 44. Rg1 Rdc6 45. Qd5 Rd6 46. Qa8 Rdc6
47. Qe8 Rc8 48. Qd7 R8c7 49. Qd3 Rd6 50. Qc2 Rdc6 51. Qb3 Rc4 52. h3 e4 53. Rd1
Ne5 54. Rd6 Nd3 55. Rxa6 Nf4+ 56. Kf2 b4 57. Ra7 bxc3 58. Qxc4 Rxa7 59. Bxa7
cxb2 60. Qc7+ Kg8 61. Qb8+ Kg7 62. Qb7+ Kg8 63. Qxe4 Nxh3+ 64. Ke3 Nf4 65. Kd2
1-0

[Event "Europa ch Femenino 2013"]
[Site "Belgrado SER"]
[Date "2013.08.03"]
[Round "11.56"]
[White "Khalafova, Narmin"]
[Black "Isgandarova, Khayala"]
[Result "0-1"]
[WhiteElo "2107"]
[BlackElo "2219"]
[PlyCount "64"]
[EventDate "2013.07.23"]
[EventType "swiss"]
[EventRounds "11"]
[EventCountry "SER"]
[Source "lmi"]
[SourceDate "2013.07.22"]

1. e4 c6 2. d4 d5 3. Nc3 dxe4 4. Nxe4 Nf6 5. Nxf6+ gxf6 6. Nf3 Bg4 7. Be3 Qa5+
8. c3 Nd7 9. Bd3 e5 10. Qc2 O-O-O 11. dxe5 Bxf3 12. gxf3 Nxe5 13. Be2 Kb8 14.
Qf5 Be7 15. Kf1 Qd5 16. Rg1 Qe6 17. Qxe6 fxe6 18. f4 Ng6 19. Bc4 Bd6 20. Bxe6
Nxf4 21. Bf5 Nd5 22. Bh6 Bxh2 23. Rh1 Bf4 24. Bg7 Rhe8 25. Rxh7 Re5 26. Bc2 Bg5
27. Re1 Rxe1+ 28. Kxe1 Re8+ 29. Kd1 Nf4 30. Rh8 Rxh8 31. Bxh8 Kc7 32. Kd2 Ng6+
0-1